00310nam a2200133Ia 45000030006000000080041000060400015000471000016000622450034000782600029001123000006001415460012001470050017001590STCL150530s9999 xx 000 0 und d aSTCLcSTCL aAhuja, M.L. aEminent Indians: LItterateurs bRupa; Delhic2006aDelhi a0 aEnglish20220125170644.0